Proceedings of the Workshop on Fisheries Sociology : April 26-27, 1985, Woods Hole Oceanographic Institution /

Bibliographic Details
Corporate Authors: Workshop on Fisheries Sociology Woods Hole Oceanographic Institution, Woods Hole, Mass., Woods Hole Oceanographic Institution
Other Authors: Bailey, Conner
Format: Conference Proceeding Book
Language:English
Published: Woods Hole, Mass. : Woods Hole Oceanographic Institution, 1986.
Series:Woods Hole Oceanographic Institution (Series) ; no. 86-34.
Technical report (Woods Hole Oceanographic Institution)
Subjects:

MARC

Tag First Indicator Second Indicator Subfields
LEADER 00000cam a2200000Ia 4500
001 in00002002604
005 20151031124521.0
008 880318s1986 mau b 100 0 eng d
035 |a (OCoLC)ocm17647930 
040 |a OLA  |c OLA  |d OCL  |d TXA  |d UtOrBLW 
049 |a TXAM 
090 |a GC1  |b .W582 no.86-34 
111 2 |a Workshop on Fisheries Sociology  |d (1985 :  |c Woods Hole Oceanographic Institution, Woods Hole, Mass.) 
245 1 0 |a Proceedings of the Workshop on Fisheries Sociology :  |b April 26-27, 1985, Woods Hole Oceanographic Institution /  |c edited by Conner Bailey [and others]. 
264 1 |a Woods Hole, Mass. :  |b Woods Hole Oceanographic Institution,  |c 1986. 
300 |a 130 pages ;  |c 28 cm. 
336 |a text  |b txt  |2 rdacontent 
337 |a unmediated  |b n  |2 rdamedia 
338 |a volume  |b nc  |2 rdacarrier 
490 1 |a Woods Hole Oceanographic Institution ;  |v WHOI-86-34.  |a Technical report 
500 |a "Technical report." 
500 |a Grant NA84AA-D-00033. 
504 |a Includes bibliographical references. 
650 0 |a Fisheries  |x Social aspects  |v Congresses. 
650 0 |a Fishery management  |x Social aspects  |v Congresses. 
610 2 0 |a National Sea Grant Program (U.S.)  |z Woods Hole Oceanographic Institution. 
700 1 |a Bailey, Conner. 
710 2 |a Woods Hole Oceanographic Institution. 
830 0 |a Woods Hole Oceanographic Institution (Series) ;  |v no. 86-34. 
830 0 |a Technical report (Woods Hole Oceanographic Institution) 
948 |a cataloged  |b h  |c 2004/10/21  |d c  |e jgreene  |f 1:06:22 pm 
994 |a E0  |b TXA 
999 |a MARS 
999 f f |s c219f2f1-7bde-3d33-91c1-2c5fd596ec98  |i e1874fc1-93a1-33fd-9d64-2ab888e941d1  |t 0 
952 f f |p ric  |a Texas A&M University  |b Rellis Campus  |c Joint Library Facility  |d Remote Storage  |t 0  |e GC1 .W582 no.86-34  |h Library of Congress classification  |i unmediated -- volume  |m A14832277135 
998 f f |a GC1 .W582 no.86-34  |t 0  |l Remote Storage